Cryptogram: States! Quiz Stats

 Plays Quiz Updated Jan 17, 2012

Challenge
Share
Tweet
Embed
Score 0/14 Timer 04:00
0 Plays Today
Cryptogram State % Correct
OCUOLBOBARKANSAS
86.7%
HGGHLYHBILLINOIS
85.7%
RHBBYZCHMISSOURI
80.5%
YUGONYROOKLAHOMA
76.8%
OCHEYLOARIZONA
76.7%
RHXNHSOLMICHIGAN
76.5%
ROCKGOLFMARYLAND
72.1%
Cryptogram State % Correct
UILVZXUKKENTUCKY
72%
XYGYCOFYCOLORADO
71.2%
LIACOBUONEBRASKA
68.6%
FIGOQOCIDELAWARE
63.7%
QKYRHLSWYOMING
52%
DGYCHFOFLORIDA
47.9%
JHCSHLHOVIRGINIA
45.5%

You're not logged in!

Compare scores with friends on all Sporcle quizzes.
Join for Free
OR
Log In

You Might Also Like...

Show Comments

Extras

Top Quizzes Today


Score Distribution

Your Account Isn't Verified!

In order to create a playlist on Sporcle, you need to verify the email address you used during registration. Go to your Sporcle Settings to finish the process.

Report this User

Report this user for behavior that violates our Community Guidelines.

Details: